000 00345pam a2200157 a 4500
020 _c
041 _h
082 _a647.94
100 _aHANDSLIP C
_eAuthor
245 _aICES & COLD DESSERTS
_cHANDSLIP C
_hTextual Documents
260 _bOctopus pub
300 _a93
653 _aFood Producation
700 _eCo-Author
930 _a2397
999 _c229798
_d229798